000 00553nam a2200181 4500
001 127602
003 ES-MaACL
007 t|
008 070214s1928 fr r ||||1| fre d
100 1 _aRignano, Eugenio.
_997209
245 1 0 _aProblémes de psychologie et de morale /
_cEugenio Rignano.
260 _aParis :
_bFélix Alcan,
_c1928.
300 _aVIII, 279 p. ;
_c23 cm.
490 1 _aBibliotheque de philosophie contemporaine
830 0 _aBibliotheque de philosophie contemporaine
_9181027
852 _aES-MaACL
_jB-5043
999 _c127602
_d127602